Регионална библиотека "Любен Каравелов" - Русе

Остров Сахалин (Запис номер 390937)

MARC детайли
000 -Лидер
Контролно поле с фиксирана дължина 01255nam a2200313 a 4500
003 - Код на организацията, давaща контролен номер
Контролно поле BLK
005 - Дата и час на последна редакция
Контролно поле 20240713122852.0
008 - Елементи от данни с фиксирана дължина
fixed length control field 201030b bu |||||r|||| 00| | bu d
020 ## - Международен стандартен номер на книга ISBN
Международен стандартен номер на книга ISBN 9786197350975
040 ## - Източник на каталожния запис
Идентификатор на билиотеката - собственик на записа BLK
041 ## - Код за език
Код за езика на текст/звукозапис или на отделно заглавие Български
Код за езика КДБФ Български
080 ## - УДК
Текстов определител УДК Руска литература
УДК код - определител по УДК 821.161.1
УДК определител -992
УДК - код + определител 821.161.1-992
100 ## - Редна дума - Автор
R(LIN) 367913
Автор Чехов, Антон Павлович
Авторска отговорност първи автор
139 ## - Редно поле
Редна дума Чехов, Антон Павлович
Авторски знак Чехов - Ч 77
245 ## - Сведения за заглавието
Заглавие Остров Сахалин
Подзаглавни данни Из пътни бележки
Редно поле (дума) Антон П. Чехов ; прев. от рус. Виолета Манчева
250 ## - Област на изданието
Сведения за изданието 2 изд.
260 ## - Област на издателските данни
9 (RLIN) 216827
Място на издаване, разпространение и проч. София
Име на издателя, разпространителя и проч. Лист
Година на издаване 2020
Печатница ([Костинброд] : Мултипринт ООД)
Издателство - префикс ISBN 978-619-7350-
300 ## - Физическа характеристика
Размери/Мащаб 20 см
Страници 280 с.
380 ## - Жанр
Жанр Худож. лит.
501 ## - Забележка „подвързано към”
Забележка: Подвързано към... Без сведение за ориг. загл.<br/>1. изд. 1979 на изд. Г. Бакалов
700 ## - Други автори (авторска отговорност)
9 (RLIN) 409354
Лично име Манчева, Виолета
Автороска отговорност (Описва отношението между автора и произведението) прев. от рус.
852 ## - Местоположение
Форматна сигнатура Цб 304560
Фондова буква Хранилище
942 ## - АРТИКУЛИ
Вид на библиотечния материал Книги
Скрит в OPAC Не
Периодичен библиозапис Да
Koha issues (borrowed), all copies 5
944 ## - СЪЗДАВАНЕ И РЕДАКЦИЯ на ЗАПИСА
Създаване/Редакция Създаване
Дата на регистрацията/редакция 2020-10-30
Служител, извършил регистрацията/редакцията 30575
Статус, дата на статуса Мартин Енчев
944 ## - СЪЗДАВАНЕ И РЕДАКЦИЯ на ЗАПИСА
Създаване/Редакция Редакция
Дата на регистрацията/редакция 2020-11-21
Служител, извършил регистрацията/редакцията К.Д.
999 ## - СИСТЕМНИ КОНТРОЛНИ НОМЕРА
Koha biblionumber 390937
Koha biblioitemnumber 390937
999 ## - СИСТЕМНИ КОНТРОЛНИ НОМЕРА
Koha biblioitemnumber 390937
999 ## - СИСТЕМНИ КОНТРОЛНИ НОМЕРА
Koha biblioitemnumber 390937
999 ## - СИСТЕМНИ КОНТРОЛНИ НОМЕРА
Koha biblioitemnumber 390937
Наличности
Код за отписване Код за изгубен артикул Източник на класификационната схема Код за повреда Коз за рестрикции Код за отдаване Артикулен № Име на библиотеката - собственик Име на библиотеката, в която се намира в момента Статус (Текущо местоположение) Дата на вписване в системата Местоположение - отдел Цена в лева Систематично азбучна сигнатура Баркод Цена в евро Служебен тип на артикула Инвентарен номер
  Не е изгубен Universal Decimal Classification Не е повреден само за читалня ползва се в читалня 805352 Регионална библиотека "Любен Каравелов" Русе Регионална библиотека "Любен Каравелов" Русе Хранилище 2020-11-18 Хранилище 18.00 Цб 304560 120000849974 9.20 Книги  
  Не е изгубен Universal Decimal Classification Не е повреден   заемане за дома 933513 Регионална библиотека "Любен Каравелов" Русе Регионална библиотека "Любен Каравелов" Русе Заемна - подръчен фонд 2023-09-14 Заемна - подръчен фонд 18.00 821.161.1-9/Ч 77 А 120000892696 9.20 Книги 120000892696
  Не е изгубен Universal Decimal Classification Не е повреден   заемане за дома 933514 Регионална библиотека "Любен Каравелов" Русе Регионална библиотека "Любен Каравелов" Русе Заемна - подръчен фонд 2023-09-14 Заемна - подръчен фонд 18.00 821.161.1-9/Ч 77 А 120000892695 9.20 Книги 120000892695
Vip Innovations Ltd, Rousse, Bulgaria 2025